Crímenes imperceptibles /
Pocos días después de haber llegado a Oxford, un joven estudiante argentino encuentra el cadáver de una anciana que ha sido asfixiada con un almohadón. El asesinato resulta ser un desafío intelectual lanzado a uno de los lógicos más eminentes del siglo, Arthur Seldom, y el primero de una serie de cr...
Guardado en:
| Autor Principal: | |
|---|---|
| Formato: | Libro |
| Idioma: | Undetermined |
| Publicado: |
Buenos Aires :
Booket,
2005.
|
| Edición: | 1a ed,. |
| Series: | Novela
|
| Materias: | |
| Etiquetas: |
Agregar Etiqueta
Sin Etiquetas, Sea el primero en etiquetar este registro!
|
| LEADER | 01065nam a22001935a 4500 | ||
|---|---|---|---|
| 001 | CEM.cems024977 | ||
| 008 | 251107s2005####ag############000#0#und#d | ||
| 005 | 20251107155601.0 | ||
| 245 | 1 | 0 | |a Crímenes imperceptibles / |c Guillermo Martínez. |
| 250 | |a 1a ed,. | ||
| 260 | |a Buenos Aires : |b Booket, |c 2005. | ||
| 300 | |a 248 p. | ||
| 490 | 1 | |a Novela | |
| 520 | |a Pocos días después de haber llegado a Oxford, un joven estudiante argentino encuentra el cadáver de una anciana que ha sido asfixiada con un almohadón. El asesinato resulta ser un desafío intelectual lanzado a uno de los lógicos más eminentes del siglo, Arthur Seldom, y el primero de una serie de crímenes. Mientras la policía investiga a una sucesión de sospechosos, maestro y discípulo llevan adelante su propia investigación, amenazados por las derivaciones cada vez más riesgosas de sus conjeturas. | ||
| 020 | |a 9875800031 | ||
| 100 | 1 | |a Martínez, Guillermo. | |
| 653 | |a Literatura argentina | ||
| 653 | |a Novela argentina | ||
| 859 | |a CEMS |b BIB. CEMS - 11 de abril |h A863.4 |i M366-2a1 |p 30489.25 |t Ej.1 | ||
